LDR 00661naa#a2200193#i#450# 001 EN\\bibl\120255 005 20260417021818.5 011 ## _a1819-4036 100 ## _a20210331b2021####ek#y0engy0150####ca 102 ## _aRU 200 1# _aINFLUENCE OF SOWING DATES ON PROTEIN CONTENT AND YIELD OF SPRING TRITICALE VARIETIES IN THE PRE-BAIKAL REGION _eJournal article 210 1# _aKrasnoyarsk _cKrasnoyarsk State Agrarian University _d2021 215 ## _a5 с. 608 ## _aJournal article _2local 675 ## _aПолеводство. 633 _z 700 #1 _aTeterevskaya _gAleksandra Dmitrievna 700 #1 _aSolodun _gV I 700 #1 _aBoyarkin _gEvgeniy Viktorovich 856 4# _avestnik.kgau.ru _u